00255nam a22000977a 4500008004100000082001600041100000700057245006100064260002300125300000900148230626b xxu||||| |||| 00| 0 eng d a331.911bUN cUN aWater Quality Monitoring in the Asian and Pacific Region aUNbNew Yorkc1990 a327p